[Event "Stay Safe Play From Home 196"]
[Site "T#646541Emanuel Laske"]
[Date "2020.06.03"]
[Round "1"]
[White "Broken sword"]
[Black "GIULIO19031975"]
[Result "1-0"]
[WhiteElo "2492"]
[BlackElo "1822"]
[Annotator "NA RC"]
[PlyCount "85"]
[EventDate "2020.06.03"]
[EventType "swiss (blitz)"]

1. d4 {[%emt 0:00:01]} d5 {[%emt 0:00:11]} 2. c4 {[%emt 0:00:02]} Nf6 {[%emt 0:00:02]} 3. Nc3 {[%emt 0:00:00]} e6 {[%emt 0:00:02]} 4. Nf3 {[%emt 0:00:00]} c6 {[%emt 0:00:01]} 5. Bg5 {[%emt 0:00:00]} Nbd7 {[%emt 0:00:01]} 6. e3 {[%emt 0:00:13]} Be7 {[%emt 0:00:01]} 7. Be2 {[%emt 0:00:00]} h6 {[%emt 0:00:01]} 8. Bxf6 {[%emt 0:00:01]} Nxf6 {[%emt 0:00:01]} 9. O-O {[%emt 0:00:00]} dxc4 {[%emt 0:00:01]} 10. Bxc4 {[%emt 0:00:01]} b5 {[%emt 0:00:00]} 11. Bb3 {[%emt 0:00:00]} Bb7 {[%emt 0:00:01]} 12. Rc1 {[%emt 0:00:00]} Rc8 {[%emt 0:00:01]} 13. Qe2 {[%emt 0:00:00]} c5 {[%emt 0:00:01]} 14. Rfd1 {[%emt 0:00:01]} cxd4 {[%emt 0:00:01]} 15. Nxd4 {[%emt 0:00:01]} O-O {[%emt 0:00:01]} 16. Ndxb5 {[%emt 0:00:01]} Qb6 {[%emt 0:00:03]} 17. Nd4 {[%emt 0:00:01]} Bb4 {[%emt 0:00:02]} 18. Nb1 {[%emt 0:00:03]} Rxc1 {[%emt 0:00:02]} 19. Rxc1 {[%emt 0:00:01]} Bd5 {[%emt 0:00:01]} 20. Bxd5 {[%emt 0:00:02]} Nxd5 {[%emt 0:00:01]} 21. a3 {[%emt 0:00:00]} Be7 {[%emt 0:00:01]} 22. b4 {[%emt 0:00:00]} Bf6 {[%emt 0:00:01]} 23. Rd1 {[%emt 0:00:01]} a5 {[%emt 0:00:02]} 24. b5 {[%emt 0:00:01]} a4 {[%emt 0:00:01]} 25. h3 {[%emt 0:00:01]} Ne7 {[%emt 0:00:01]} 26. Qc4 {[%emt 0:00:01]} Ng6 {[%emt 0:00:01]} 27. Nc3 {[%emt 0:00:01]} Ne5 {[%emt 0:00:01]} 28. Qxa4 {[%emt 0:00:02]} Qb8 {[%emt 0:00:01]} 29. Qb3 {[%emt 0:00:02]} Nd7 {[%emt 0:00:02]} 30. Ne4 {[%emt 0:00:01]} Bxd4 {[%emt 0:00:02]} 31. Rxd4 {[%emt 0:00:00]} Nb6 {[%emt 0:00:01]} 32. a4 {[%emt 0:00:01]} Nd5 {[%emt 0:00:01]} 33. Nc3 {[%emt 0:00:00]} Rc8 {[%emt 0:00:01]} 34. Nxd5 {[%emt 0:00:01]} exd5 {[%emt 0:00:01]} 35. Qxd5 {[%emt 0:00:01]} Rc1+ {[%emt 0:00:01]} 36. Rd1 {[%emt 0:00:01]} Rxd1+ {[%emt 0:00:01]} 37. Qxd1 {[%emt 0:00:00]} Qe5 {[%emt 0:00:01]} 38. Qb1 {[%emt 0:00:01]} g5 {[%emt 0:00:01]} 39. b6 {[%emt 0:00:00]} Qa5 {[%emt 0:00:02]} 40. b7 {[%emt 0:00:01]} Kg7 {[%emt 0:00:01]} 41. b8=Q {[%emt 0:00:00]} Qxa4 {[%emt 0:00:00]} 42. Q8b5 {[%emt 0:00:01]} Qd4 {[%emt 0:00:01]} 43. exd4 {[%emt 0:00:01] GIULIO19031975 abbandona (Lag: Av=0.28s, max=1.1s)} 1-0

[Event "Stay Safe Play From Home 196"]
[Site "T#646541Emanuel Laske"]
[Date "2020.06.03"]
[Round "1"]
[White "Little champs"]
[Black "Matanant"]
[Result "1-0"]
[WhiteElo "2140"]
[BlackElo "1720"]
[Annotator "TA"]
[PlyCount "57"]
[EventDate "2020.06.03"]
[EventType "swiss (blitz)"]

{[%evp 9,57,20,24,27,39,37,65,0,0,0,0,0,0,0,13,-8,41,14,65,35,101,96,135,96,98,95,127,84,227,104,650,81,88,-412,-216,-215,-216,-214,-216,-192,-29,-20,0,-22,561,561,528,537,503,489]} 1. d4 d6 2. e3 e6 3. Nf3 Nf6 4. Be2 Be7 5. O-O O-O 6. c4 {A46: 1 d4 Nf6 2 Nf3 e6: Torre, London and Colle Systems.} c5 7. Nc3 Nc6 8. dxc5 (8. d5 $14 Ne5 9. Nxe5 dxe5 10. e4) 8... dxc5 $11 {[#]} 9. Qc2 $146 ({Predecessor:} 9. b3 b6 10. Bb2 Bb7 11. h3 Qxd1 12. Raxd1 Rad8 13. Ng5 h6 14. Nf3 Nb4 15. Ba3 {½-½ (27) Winkler,S (1678)-Sos,F Kastel Stafilic 2014}) 9... a6 10. a3 Qc7 11. Rd1 Rd8 12. b3 Ne5 13. Nxe5 Qxe5 (13... Rxd1+ $11 14. Bxd1 (14. Nxd1 Qxe5 15. f4 Qc7 $14) 14... Qxe5) 14. Bb2 {Black must now prevent Nd5.} Qg5 ({Better is} 14... Qc7 $14) 15. f4 Qh6 16. Rxd8+ Bxd8 17. Rd1 Bc7 18. Bf3 Rb8 (18... e5 $16 {keeps fighting.}) 19. Ne2 $40 {[%mdl 128] White attacks with force.} (19. Ne4 $18 {is more deadly. Be5 is the strong threat.} Ne8 20. Nxc5) 19... b6 $2 {[%mdl 8192]} (19... Kf8 $16) 20. Ng3 $2 (20. Be5 $18 {and the rest is easy.} Bd7 21. Bxc7) 20... Bb7 $16 21. Be4 $2 {[%mdl 8192]} (21. Bxb7 $16 {stays on course.} Rxb7 22. Qe2) 21... Nxe4 (21... Bxe4 $142 22. Nxe4 Ng4 {[%mdl 64] Double Attack}) 22. Nxe4 $19 Qg6 23. Rd7 Bxe4 24. Qd2 {[#]} Rc8 $2 {[#]} (24... Bxg2 $1 $19 25. Qxg2 Qb1+ 26. Qf1 Qxb2 {[%mdl 64] Double Attack}) 25. Rxc7 $1 $11 {[%cal Rc7c8][%mdl 512]} Re8 (25... Rxc7 26. Qd8#) 26. Rd7 f5 $2 {[%mdl 8192]} (26... h5 $11 {and Black is okay.}) 27. Rxg7+ $18 {White is clearly winning.} Qxg7 28. Bxg7 Kxg7 29. Qd7+ {[%mdl 64] Double Attack. Accuracy: White = 48%, Black = 26%.} 1-0

[Event "Stay Safe Play From Home 196"]
[Site "T#646541Emanuel Laske"]
[Date "2020.06.03"]
[Round "1"]
[White "Lazieri3"]
[Black "Trotsky"]
[Result "1-0"]
[WhiteElo "2000"]
[BlackElo "1569"]
[Annotator "TA"]
[PlyCount "75"]
[EventDate "2020.06.03"]
[EventType "swiss (blitz)"]

{[%evp 9,75,14,15,-25,17,-27,-25,-25,-26,-52,127,126,111,112,101,111,163,169,167,115,144,124,172,180,180,162,183,186,186,197,205,155,169,16,161,152,207,202,242,176,320,330,503,483,726,439,2471,767,29996,29997,29997,733,1290,1029,29991,148,135,-51,-56,-284,248,229,185,128,128,-18,-20,-153]} 1. e4 c5 2. d4 cxd4 3. Nf3 e6 4. Nxd4 d6 5. c3 Nc6 {[#]} 6. f3 $146 {B44: Sicilian: Taimanov: 5 Nb5.} ({Predecessor:} 6. c4 Nf6 7. Nc3 Be7 8. Be2 O-O 9. O-O d5 10. exd5 exd5 11. cxd5 Nxd5 12. Nxc6 bxc6 13. Bd2 Bf6 14. Rc1 Rb8 15. b3 Nb4 16. Bf4 Rb7 17. a3 Bxc3 18. axb4 Bxb4 {1-0 (31) Paravyan,D (2629)-Panarin,M (2562) Sochi 2018}) 6... Qc7 7. Bb5 Be7 8. O-O {Black has an edge.} Nf6 9. Qa4 {[%cal Rb5c6]} a6 $2 (9... Bd7 $15 {keeps the upper hand.}) 10. Bxc6+ $16 bxc6 11. Qxc6+ Qxc6 12. Nxc6 Bb7 (12... Bf8 $16 {was called for.}) 13. Nxe7 $18 Kxe7 14. Be3 (14. c4 $18) 14... Rhe8 15. Nd2 Kf8 16. Nc4 d5 17. exd5 exd5 18. Bc5+ Kg8 19. Nd6 Re7 20. Nxb7 Rxb7 21. Bd4 $2 (21. Ba3 $18) 21... Rab8 (21... Rxb2 $11 {and Black stays safe.} 22. Rf2 Rab8) 22. b3 Nh5 (22... Nd7 $16 {is a better defense.} 23. Rad1 Rc8) 23. Rfe1 f6 24. g3 g6 (24... Kf7 $142 25. Re2 g6) 25. Re6 Kg7 (25... Ra8 $142 26. Kf2 Ng7) 26. Rae1 Kh6 (26... Kg8 $142 27. Rxa6 Ng7 28. Bxf6 Rb6) 27. Re7 Kg5 (27... a5 $142 28. R7e6 Rf7) 28. h4+ (28. Be3+ $142 Nf4 29. Bxf4+ Kf5 30. Bxb8 Rxb8 31. Rd7) 28... Kf5 29. g4+ Kf4 30. gxh5 (30. Kf2 $142 Rxe7 31. Rxe7 Rh8 32. Be3#) 30... gxh5 31. Kf2 {Strongly threatening R1e6.} Rg8 {[#]} 32. Rxh7 $2 (32. R1e6 $1 {mates} Rf8 33. Rxb7 Kf5 34. Rbb6 Kg6 35. Bxf6 h6 36. Be7+ Rf6 37. Bxf6 Kf7 38. Re7+ Kg6 39. Bd4+ Kf5 40. Rf7#) 32... Rxh7 $16 {[%mdl 4096] Endgame [#] KRR-KRB} 33. Be3+ $2 (33. Re6 $1 $16 {[%cal Re6f6][%mdl 512]} Rh6 34. Rxa6) 33... Kf5 $15 {Hoping for ...Rhg7.} 34. Bd4 $2 (34. Rd1 $15) 34... Kg6 $4 {[%mdl 8192]} (34... Rhg7 $19 {avoids the disaster. aiming for ...Rg2+.} 35. Ke2 Rg2+ 36. Bf2 Rh2) 35. Re6 $1 $18 {[%csl LRa6,LRf6]} Rhg7 36. Rxf6+ ({Better is} 36. Rxa6 $18 Kh7 37. a4 (37. Bxf6 Rf7 $16)) 36... Kh7 $16 37. Be3 (37. Rxa6 $16 Rg2+ 38. Ke3) 37... Rg2+ $11 38. Ke1 {[%mdl 32768] Accuracy: White = 35%, Black = 21%. . Sensor Board Error (Ke4/e5)?} (38. Kf1 $11 {was the only way to keep the balance.} Rxa2 39. Rh6+ Kg7 40. Rxh5) 1-0

[Event "Stay Safe Play From Home 196"]
[Site "T#646541Emanuel Laske"]
[Date "2020.06.03"]
[Round "1"]
[White "EL sanbary"]
[Black "Mepe_Nika"]
[Result "0-1"]
[WhiteElo "1901"]
[BlackElo "2331"]
[Annotator "TA"]
[PlyCount "104"]
[EventDate "2020.06.03"]
[EventType "swiss (blitz)"]

{[%evp 9,104,-7,-5,-17,22,24,79,98,175,53,116,29,96,54,38,14,35,11,454,427,702,660,652,280,289,355,249,220,345,338,322,252,341,277,241,160,209,0,91,0,97,0,31,-336,-335,-1008,-56,-640,70,-391,14,17,16,25,34,6,6,0,0,-12,37,50,67,0,0,-42,0,0,0,0,0,-36,-41,-52,-13,-94,-12,-87,-56,-155,-101,-89,0,-110,0,-29979,-29981,-29981,-5438,-29982,-29981,-29986,-29987,-29987,-29985,-29986,-29983]} 1. c4 c6 2. g3 d5 3. cxd5 cxd5 4. d4 Nc6 5. Bg2 Bf5 6. Nf3 {[#] A11: English Opening: 1...c6.} Qc8 $146 ({Predecessor:} 6... Nf6 7. O-O e6 8. Nc3 Bd6 9. Bg5 h6 10. Bxf6 Qxf6 11. Qd2 O-O 12. Rfd1 Qd8 13. e3 Na5 14. Nh4 Bh7 15. Bf1 Nc4 16. Bxc4 dxc4 17. e4 b5 18. a3 a5 19. f3 b4 20. Nb5 Be7 {0-1 (20) Brineva,E (1826)-Scerbin,D (2295) Sochi 2018}) 7. O-O Bh3 (7... e6 $11) 8. Nc3 {White is better.} Nf6 (8... Bxg2 $16 {might work better.} 9. Kxg2 e6) 9. Re1 (9. Bxh3 $1 $18 Qxh3 10. Bf4) 9... h5 (9... Bxg2 $14 10. Kxg2 e6) 10. e4 (10. Bxh3 $16 Qxh3 11. Qb3) 10... dxe4 (10... Bxg2 $1 $11 11. Kxg2 dxe4 12. Nxe4 Nxe4) 11. Nxe4 Nxe4 12. Rxe4 {Threatens to win with d5.} Bxg2 $1 13. Kxg2 {aiming for d5.} g6 $2 {[%mdl 8192]} (13... Qf5 $11 {and Black is okay.} 14. Qe2 Qd5) 14. d5 $18 Nb8 (14... Bg7 $142 15. Qa4 {[%mdl 64] Pin} a5 16. dxc6 Qxc6) 15. Bf4 Bg7 16. d6 (16. Rc1 $142 Qd8 17. Qa4+ Kf8 18. Rxe7 $1 {[%mdl 512]}) 16... O-O 17. dxe7 Re8 18. Qd2 Nc6 (18... h4 $142 19. Nxh4 Qc6) 19. Rae1 Qf5 20. Nh4 Qf6 21. Bg5 Qxb2 22. Qd3 Rac8 23. Qf3 $2 ({White should play} 23. Rf4 $18 {Qd5! is the strong threat.} Qxa2 24. Nf3) 23... Qc3 {[#]} (23... Nd4 $11 {keeps the balance.} 24. Qd3 Rc3) 24. Qf4 (24. R1e3 $1 $16 {[%cal Re3c3]} Qc5 25. Bf6) 24... Qc5 (24... Nd4 $11) 25. R1e3 (25. Bf6 $16) 25... Qd5 {And now ...f5 would win.} 26. Rf3 $2 {[%mdl 8192]} (26. Nf3 $14 {was the only good move.}) 26... Nd4 $19 27. Rfe3 $2 (27. Re1 Rc2 28. a4) 27... Nf5 $2 ({Better is} 27... Ne6 $19 28. Nf3 Nxf4+ 29. gxf4 Qxa2) 28. Nxf5 $4 {[%mdl 8192]} (28. Rf3 $15 Nd4 29. Re1) 28... Qxf5 $2 (28... gxf5 $19 29. h4 f6 30. Bxf6 Bxf6) 29. Qd6 $2 {[%mdl 8192]} (29. Qxf5 $14 {keeps the upper hand.} gxf5 30. Ra4) 29... Qc5 $2 (29... Qxg5 $19 30. Rb4 b6) 30. Qxc5 $11 Rxc5 31. Rd3 {Strongly threatening Rd8.} f6 $1 ({Don't blunder} 31... Rxg5 $2 32. Rd8 $18) 32. Rd8 Kf7 33. Rxe8 Kxe8 {[%mdl 4096] Endgame KRB-KRB} 34. Bf4 g5 35. Bd6 Rc6 36. Bb4 (36. Rd4 $1 $14) 36... f5 $1 {[%cal Rf5e4]} 37. Re2 {next Rd2 is good for White.} Bf6 38. Rd2 {White wants to mate with Rd8+.} Bxe7 39. Re2 Rc7 40. Bxe7 Rxe7 {KR-KR} 41. Rc2 b6 42. Rc3 (42. Rc8+ $11 {remains equal.} Kf7 43. Rc6) 42... Kf7 (42... Kd7 $17 43. Rd3+ Kc6) 43. Rd3 (43. Rc6 $11) 43... Kf6 $17 44. Rd5 (44. Rd6+ $1 $15 Re6 45. Rd7) 44... Re6 (44... Re2 $142 45. a4 Ra2) 45. Rd7 Re7 (45... a5 $17 46. Rb7 h4) 46. Rd8 (46. Rd5 $11) 46... Kf7 (46... h4 $17 47. Rf8+ Ke5 48. gxh4 gxh4) 47. Rf8+ $2 {[%mdl 8192]} (47. Rd3 $11) 47... Kxf8 48. g4 Re3 (48... hxg4 $142 49. Kg3 Re2 50. a3 Ra2 51. Kg2 Rxa3 52. Kf1 f4 53. Ke2 Ra2+ 54. Kd3 Rxf2 55. Ke4 Rxh2 56. Kf5 g3 57. Kxg5 g2 58. Kg4 g1=Q+ 59. Kf5 Re2 60. Kf6 f3 61. Kf5 f2 62. Kf6 f1=Q#) 49. gxh5 Re2 {Black mates.} 50. h4 Rxa2 51. hxg5 Kg7 52. g6 Kh6 {What a bad dream for White. Accuracy: White = 29%, Black = 32%.} 0-1

[Event "Stay Safe Play From Home 196"]
[Site "T#646541Emanuel Laske"]
[Date "2020.06.03"]
[Round "1"]
[White "Grizzzly"]
[Black "Fischer_11"]
[Result "0-1"]
[WhiteElo "1718"]
[BlackElo "2058"]
[Annotator "NA RC"]
[PlyCount "104"]
[EventDate "2020.06.03"]
[EventType "swiss (blitz)"]

1. d4 {[%emt 0:00:01]} e5 {[%emt 0:00:04]} 2. c4 {[%emt 0:00:00]} exd4 {[%emt 0:00:01]} 3. Qxd4 {[%emt 0:00:01]} Nc6 {[%emt 0:00:01]} 4. Qd1 {[%emt 0:00:02]} Qh4 {[%emt 0:00:00]} 5. e3 {[%emt 0:00:03]} Nf6 {[%emt 0:00:02]} 6. Nf3 {[%emt 0:00:01]} Qh5 {[%emt 0:00:01]} 7. Be2 {[%emt 0:00:02]} d5 {[%emt 0:00:01]} 8. Nd4 {[%emt 0:00:02]} Bg4 {[%emt 0:00:03]} 9. Nxc6 {[%emt 0:00:02]} bxc6 {[%emt 0:00:05]} 10. Bxg4 {[%emt 0:00:01]} Qxg4 {[%emt 0:00:00]} 11. Qxg4 {[%emt 0:00:02]} Nxg4 {[%emt 0:00:00]} 12. cxd5 {[%emt 0:00:01]} cxd5 {[%emt 0:00:00]} 13. h3 {[%emt 0:00:01]} Bb4+ {[%emt 0:00:02]} 14. Bd2 {[%emt 0:00:01]} Bxd2+ {[%emt 0:00:03]} 15. Nxd2 {[%emt 0:00:01]} Ne5 {[%emt 0:00:00]} 16. O-O {[%emt 0:00:02]} c5 {[%emt 0:00:01]} 17. Rac1 {[%emt 0:00:01]} Rc8 {[%emt 0:00:03]} 18. f4 {[%emt 0:00:05]} Nd3 {[%emt 0:00:03]} 19. Rc2 {[%emt 0:00:02]} Nb4 {[%emt 0:00:01]} 20. Rcc1 {[%emt 0:00:02]} Kd7 {[%emt 0:00:03]} 21. a3 {[%emt 0:00:01]} Na6 {[%emt 0:00:01]} 22. Nf3 {[%emt 0:00:01]} Kd6 {[%emt 0:00:01]} 23. Ne5 {[%emt 0:00:01]} f6 {[%emt 0:00:01]} 24. Nf7+ {[%emt 0:00:01]} Ke6 {[%emt 0:00:02]} 25. Nxh8 {[%emt 0:00:00]} Rxh8 {[%emt 0:00:01]} 26. Rfd1 {[%emt 0:00:02]} Re8 {[%emt 0:00:01]} 27. Kf2 {[%emt 0:00:00]} Kd6 {[%emt 0:00:01]} 28. Kf3 {[%emt 0:00:00]} f5 {[%emt 0:00:00]} 29. g4 {[%emt 0:00:01]} g6 {[%emt 0:00:00]} 30. gxf5 {[%emt 0:00:01]} gxf5 {[%emt 0:00:00]} 31. Rg1 {[%emt 0:00:01]} Re7 {[%emt 0:00:01]} 32. Rg5 {[%emt 0:00:03]} Ke6 {[%emt 0:00:00]} 33. Rcg1 {[%emt 0:00:02]} Nc7 {[%emt 0:00:02]} 34. Rg7 {[%emt 0:00:00]} Ne8 {[%emt 0:00:02]} 35. Rxe7+ {[%emt 0:00:01]} Kxe7 {[%emt 0:00:00]} 36. Rd1 {[%emt 0:00:01]} Nf6 {[%emt 0:00:01]} 37. h4 {[%emt 0:00:02]} Ke6 {[%emt 0:00:00]} 38. Ke2 {[%emt 0:00:01]} a5 {[%emt 0:00:00]} 39. Kd3 {[%emt 0:00:00]} a4 {[%emt 0:00:00]} 40. Rc1 {[%emt 0:00:01]} Ne4 {[%emt 0:00:01]} 41. Ke2 {[%emt 0:00:02]} Ng3+ {[%emt 0:00:01]} 42. Kf3 {[%emt 0:00:03]} Ne4 {[%emt 0:00:00]} 43. Rg1 {[%emt 0:00:01]} Kd6 {[%emt 0:00:00]} 44. Rg7 {[%emt 0:00:01]} Nf6 {[%emt 0:00:01]} 45. Rxh7 {[%emt 0:00:00]} Nxh7 {[%emt 0:00:01]} 46. h5 {[%emt 0:00:00]} c4 {[%emt 0:00:00]} 47. Kg3 {[%emt 0:00:00]} Kc5 {[%emt 0:00:00]} 48. Kh4 {[%emt 0:00:00]} c3 {[%emt 0:00:00]} 49. bxc3 {[%emt 0:00:02]} Kc4 {[%emt 0:00:00]} 50. h6 {[%emt 0:00:01]} Kxc3 {[%emt 0:00:00]} 51. Kh5 {[%emt 0:00:00]} Kd3 {[%emt 0:00:00]} 52. Kg6 {[%emt 0:00:00]} Kxe3 {[%emt 0:00:00] Zeit (Lag: Av=0.32s, max=1.1s)} 0-1

[Event "Stay Safe Play From Home 196"]
[Site "T#646541Emanuel Laske"]
[Date "2020.06.03"]
[Round "2"]
[White "Little champs"]
[Black "NeatFox"]
[Result "1-0"]
[WhiteElo "2143"]
[BlackElo "1764"]
[Annotator "TA"]
[PlyCount "97"]
[EventDate "2020.06.03"]
[EventType "swiss (blitz)"]

{[%evp 10,97,91,71,82,67,75,83,99,85,114,-21,49,-16,98,88,159,146,156,150,155,155,164,144,149,109,212,209,194,159,535,532,524,527,527,524,1394,1387,1377,1351,1338,1314,1669,1642,2155,1509,2419,2258,1666,1233,1232,1204,1177,1175,5689,3001,29986,1355,1444,1485,2138,1821,2123,2102,29982,29983,29984,12798,2952,2749,29987,29988,29992,29989,29989,29990,29990,29991,29993,29993,29993,29994,29994,29995,29995,29995,29995,29995,29996,29996]} 1. e4 c6 2. d4 d5 3. Nc3 dxe4 4. Nxe4 Nf6 5. Nxf6+ gxf6 6. Nf3 Rg8 {B16: Caro-Kann: Bronstein-Larsen Variation.} 7. g3 Bg4 8. Bg2 {[#]} Qc8 $146 {White is better.} ({Predecessor:} 8... Nd7 9. Qd3 h6 10. O-O e6 11. c4 Bf5 12. Qe2 Qe7 13. Re1 O-O-O 14. d5 e5 {1-0 (27) Charpentier,D (1894)-Humbert,P (1343) ICCF email 2015}) 9. h3 Bf5 10. g4 (10. Qe2 $16) 10... Be6 (10... Qe6+ $1 $11 11. Be3 Be4) 11. b3 (11. Nh4 $14) 11... b5 (11... h5 $11 {keeps the balance.}) 12. Qd3 $16 Bd5 (12... Rh8 $142) 13. Qxh7 Rg7 14. Qd3 $36 {[%mdl 2048] White has strong initiative.} Qe6+ 15. Kf1 Nd7 16. Bh6 {Strongly threatening Re1.} Rg8 17. Bxf8 Rxf8 (17... Kxf8 $16 18. Nh4 c5) 18. Re1 $18 Qd6 19. Nh4 {aiming for Nf5.} O-O-O $2 {Loses the game.} (19... Be6 $16 20. Nf5 Bxf5 21. Qxf5 Rc8) 20. Nf5 $1 {[%csl LRd6,LRe7][%mdl 64] [#] Double Attack} Bxg2+ 21. Kxg2 Qd5+ 22. f3 e6 23. Ne7+ {[%mdl 64] Double Attack} Kc7 24. Nxd5+ cxd5 25. c4 bxc4 26. bxc4 Nb6 27. cxd5 Nxd5 28. Rc1+ Kd7 29. Qb5+ Ke7 30. Qb7+ Rd7 31. Qa6 Ne3+ 32. Kf2 {Intending Qa3+ and mate.} Nd5 33. Rc6 (33. Qa3+ $142 Rd6 34. Qxa7+ Rd7 35. Qa3+ Rd6 36. Rc6 Rfd8 37. Rb1 f5 38. Rxd6 Rxd6 39. Rb7+ Kf6 40. Qxd6) 33... Rb8 34. Rhc1 Rb2+ 35. R1c2 Rxc2+ 36. Rxc2 Nb4 {[#]} 37. Qa3 $1 Rb7 38. Rb2 (38. Rc4 $142 Kf8 39. Rxb4 Rxb4 40. Qxb4+ Kg7 41. Qa5 a6 42. Qxa6 Kg6 43. Qd3+ Kg7 44. a4) 38... a5 39. Kg3 Kf8 40. Qxa5 {White mates.} Nc6 41. Qa8+ {[%mdl 64] Double Attack} Rb8 42. Rxb8+ Nxb8 43. Qxb8+ Kg7 44. a4 f5 45. gxf5 exf5 46. Qe5+ Kg6 47. Qd6+ f6 48. f4 Kh5 49. Qe7 {Accuracy: White = 68%, Black = 44%.} 1-0

[Event "Stay Safe Play From Home 196"]
[Site "T#646541Emanuel Laske"]
[Date "2020.06.03"]
[Round "2"]
[White "Buzaglo"]
[Black "Broken sword"]
[Result "0-1"]
[WhiteElo "1914"]
[BlackElo "2493"]
[Annotator "TA"]
[PlyCount "62"]
[EventDate "2020.06.03"]
[EventType "swiss (blitz)"]

{[%evp 9,62,-76,-37,-41,-47,-56,-20,-97,-16,-25,-19,-33,-15,-135,-139,-137,-131,-155,-132,-160,-152,-295,-121,-320,-143,-302,-147,-209,-213,-214,-178,-225,-222,-343,-207,-304,-320,-383,-323,-309,-283,-277,-263,-377,-248,-310,-308,-312,-286,-566,-533,-29989,-29990,-29993,-29992]} 1. d4 c5 2. Nf3 cxd4 3. g3 Nc6 4. Bg2 e5 5. O-O {[#]} d6 $146 ({Predecessor:} 5... d5 6. c3 dxc3 7. Nxc3 d4 8. Ne4 Nf6 9. Nxf6+ Qxf6 10. e3 Be7 11. exd4 Nxd4 12. Nxd4 exd4 {0-1 (25) Slamar,V (2173)-Nagrajsalovic,M (2223) Croatia 2013}) 6. c3 {A43: Schmid Benoni.} dxc3 7. Nxc3 Nf6 8. Nd5 (8. Bg5 $11) 8... Be7 (8... Nxd5 $17 9. Qxd5 Be7) 9. Nxe7 $11 Qxe7 10. Bg5 h6 11. Be3 (11. Bxf6 $1 $11 Qxf6 12. Nd2) 11... O-O $17 12. Rc1 Be6 13. b3 Rac8 14. Re1 Rfd8 15. Bd2 (15. Qd2 $17) 15... a6 (15... e4 $19 {is more deadly.} 16. Rxc6 bxc6) 16. a3 $2 {[#]} (16. e4 $17) 16... Qd7 (16... e4 $19 17. Rxc6 bxc6) 17. b4 $2 {White does not recover from this.} (17. e4 $17) 17... Bh3 (17... e4 $19 18. Nh4 g5) 18. Nh4 (18. Bc3 $17) 18... Bxg2 19. Nxg2 Qe6 20. Ne3 d5 21. Kg2 (21. Qb3 {might work better.}) 21... b5 22. Nf1 (22. Qb3 {was called for.}) 22... d4 $19 23. e3 d3 24. Bc3 e4 25. Nd2 Nd5 26. Bb2 (26. Qb3 {keeps fighting.}) 26... f5 27. Rc5 Ne5 28. Bxe5 Qxe5 29. f4 $2 {[#]} (29. Qc1 {was necessary.} Rxc5 30. bxc5) 29... Qe6 30. Qc2 dxc2 31. Rc1 Rxc5 {Accuracy: White = 21%, Black = 47%.} 0-1

[Event "Stay Safe Play From Home 196"]
[Site "T#646541Emanuel Laske"]
[Date "2020.06.03"]
[Round "2"]
[White "EL sanbary"]
[Black "Grizzzly"]
[Result "1-0"]
[WhiteElo "1899"]
[BlackElo "1714"]
[Annotator "NA RC"]
[PlyCount "87"]
[EventDate "2020.06.03"]
[EventType "swiss (blitz)"]

1. c4 {[%emt 0:00:01]} e6 {[%emt 0:00:01]} 2. g3 {[%emt 0:00:01]} d6 {[%emt 0:00:00]} 3. Bg2 {[%emt 0:00:01]} c5 {[%emt 0:00:01]} 4. Nc3 {[%emt 0:00:01]} Nf6 {[%emt 0:00:00]} 5. e4 {[%emt 0:00:01]} Nc6 {[%emt 0:00:01]} 6. Nge2 {[%emt 0:00:01]} Be7 {[%emt 0:00:00]} 7. O-O {[%emt 0:00:00]} O-O {[%emt 0:00:00]} 8. d3 {[%emt 0:00:00]} a6 {[%emt 0:00:00]} 9. h3 {[%emt 0:00:00]} Rb8 {[%emt 0:00:00]} 10. Be3 {[%emt 0:00:01]} b5 {[%emt 0:00:01]} 11. Qd2 {[%emt 0:00:02]} b4 {[%emt 0:00:01]} 12. Na4 {[%emt 0:00:01]} d5 {[%emt 0:00:01]} 13. cxd5 {[%emt 0:00:01]} exd5 {[%emt 0:00:01]} 14. Bxc5 {[%emt 0:00:01]} Bxc5 {[%emt 0:00:01]} 15. Nxc5 {[%emt 0:00:01]} dxe4 {[%emt 0:00:01]} 16. Nxe4 {[%emt 0:00:01]} Nxe4 {[%emt 0:00:01]} 17. Bxe4 {[%emt 0:00:01]} Nd4 {[%emt 0:00:02]} 18. Nxd4 {[%emt 0:00:01]} Qxd4 {[%emt 0:00:01]} 19. Rad1 {[%emt 0:00:01]} Bxh3 {[%emt 0:00:01]} 20. Rfe1 {[%emt 0:00:02]} f5 {[%emt 0:00:04]} 21. Bh1 {[%emt 0:00:02]} f4 {[%emt 0:00:01]} 22. Re4 {[%emt 0:00:02]} Qb6 {[%emt 0:00:07]} 23. Rxf4 {[%emt 0:00:01]} Rxf4 {[%emt 0:00:01]} 24. Qxf4 {[%emt 0:00:01]} Rf8 {[%emt 0:00:01]} 25. Bd5+ {[%emt 0:00:02]} Be6 {[%emt 0:00:05]} 26. Qe4 {[%emt 0:00:10]} Bxd5 {[%emt 0:00:03]} 27. Qxd5+ {[%emt 0:00:00]} Kh8 {[%emt 0:00:02]} 28. d4 {[%emt 0:00:01]} Qf6 {[%emt 0:00:02]} 29. Rd2 {[%emt 0:00:04]} h6 {[%emt 0:00:02]} 30. Qe5 {[%emt 0:00:01]} Qxe5 {[%emt 0:00:01]} 31. dxe5 {[%emt 0:00:00]} Re8 {[%emt 0:00:00]} 32. f4 {[%emt 0:00:01]} Kg8 {[%emt 0:00:00]} 33. Kf2 {[%emt 0:00:01]} Kf7 {[%emt 0:00:00]} 34. Kf3 {[%emt 0:00:00]} Ke6 {[%emt 0:00:00]} 35. Ke4 {[%emt 0:00:01]} g6 {[%emt 0:00:01]} 36. Rd6+ {[%emt 0:00:01]} Ke7 {[%emt 0:00:01]} 37. Rxa6 {[%emt 0:00:01]} Rc8 {[%emt 0:00:00]} 38. Rxg6 {[%emt 0:00:02]} Rc2 {[%emt 0:00:00]} 39. Rxh6 {[%emt 0:00:01]} Rxb2 {[%emt 0:00:00]} 40. Kf5 {[%emt 0:00:01]} Rxa2 {[%emt 0:00:01]} 41. Rh7+ {[%emt 0:00:00]} Ke8 {[%emt 0:00:02]} 42. e6 {[%emt 0:00:01]} Ra5+ {[%emt 0:00:03]} 43. Kf6 {[%emt 0:00:01]} b3 {[%emt 0:00:00]} 44. Rh8# {[%emt 0:00:01] (Lag: Av=0.37s, max=0.9s)} 1-0